[Event "April 9 Early 2024"]
[Site "Chess.com"]
[Date "2024.04.09"]
[Round "3"]
[White "Bueno, Alfeu Junior Varela"]
[Black "Skotheim, Andreas"]
[Result "1-0"]
[Board "164"]
[WhiteFideId "2108879"]
[BlackFideId "1518526"]
[WhiteTitle "FM"]
[BlackTitle "CM"]
[WhiteElo "2419"]
[BlackElo "2605"]
[WhiteTeam "BRA"]
[BlackTeam "NOR"]
[WhiteClock "0:00:21"]
[BlackClock "0:00:04"]
[Variant "Standard"]

1. e4 {[%clk 0:02:52]}  d6 {[%clk 0:02:59]} 2. Nc3 {[%clk 0:02:51]}  g6 {[%clk 0:02:57]} 3. d4 {[%clk 0:02:49]}  Nf6 {[%clk 0:02:55]} 4. Nf3 {[%clk 0:02:50]}  Bg7 {[%clk 0:02:55]} 5. h3 {[%clk 0:02:50]}  O-O {[%clk 0:02:53]} 6. Be3 {[%clk 0:02:49]}  c6 {[%clk 0:02:53]} 7. a4 {[%clk 0:02:50]}  Qc7 {[%clk 0:02:49]} 8. Be2 {[%clk 0:02:49]}  e5 {[%clk 0:02:46]} 9. O-O {[%clk 0:02:45]}  exd4 {[%clk 0:02:42]} 10. Nxd4 {[%clk 0:02:37]}  Re8 {[%clk 0:02:42]} 11. Bf3 {[%clk 0:02:12]}  Nbd7 {[%clk 0:02:37]} 12. Qd2 {[%clk 0:02:12]}  Nc5 {[%clk 0:02:36]} 13. Bf4 {[%clk 0:02:00]}  Ncxe4 {[%clk 0:01:55]} 14. Bxe4 {[%clk 0:01:54]}  Nxe4 {[%clk 0:01:54]} 15. Rfe1 {[%clk 0:01:54]}  Bf5 {[%clk 0:01:44]} 16. Nxe4 {[%clk 0:01:40]}  Bxe4 {[%clk 0:01:42]} 17. c4 {[%clk 0:01:19]}  Qb6 {[%clk 0:01:27]} 18. Be3 {[%clk 0:01:06]}  c5 {[%clk 0:00:57]} 19. Nb5 {[%clk 0:01:05]}  Rad8 {[%clk 0:00:55]} 20. a5 {[%clk 0:00:59]}  Qa6 {[%clk 0:00:49]} 21. Nc7 {[%clk 0:00:58]}  Qc6 {[%clk 0:00:48]} 22. Nxe8 {[%clk 0:00:58]}  Bxg2 {[%clk 0:00:19]} 23. Nxg7 {[%clk 0:00:57]}  Bxh3 {[%clk 0:00:18]} 24. Qd5 {[%clk 0:00:57]}  Qd7 {[%clk 0:00:13]} 25. Bh6 {[%clk 0:00:42]}  Qg4+ {[%clk 0:00:13]} 26. Kh2 {[%clk 0:00:42]}  Qh4 {[%clk 0:00:13]} 27. Qg5 {[%clk 0:00:38]}  Qxf2+ {[%clk 0:00:11]} 28. Kxh3 {[%clk 0:00:37]}  Qf3+ {[%clk 0:00:10]} 29. Qg3 {[%clk 0:00:35]}  Qc6 {[%clk 0:00:03]} 30. Re7 {[%clk 0:00:22]}  d5 {[%clk 0:00:03]} 31. Rae1 {[%clk 0:00:22]}  dxc4 {[%clk 0:00:02]} 32. Re8+ {[%clk 0:00:22]}  Rxe8 {[%clk 0:00:03]} 33. Rxe8+ {[%clk 0:00:22]}  Qxe8 {[%clk 0:00:03]} 34. Nxe8 {[%clk 0:00:23]}  c3 {[%clk 0:00:04]} 35. Qxc3 {[%clk 0:00:23]}  f6 {[%clk 0:00:03]} 36. Qxf6 {[%clk 0:00:22]}  g5 {[%clk 0:00:04]} 37. Qg7# {[%clk 0:00:21]} 1-0

[Event "April 9 Early 2024"]
[Site "Chess.com"]
[Date "2024.04.09"]
[Round "3"]
[White "Hajiyev, Kanan"]
[Black "Rees, Ioan"]
[Result "0-1"]
[Board "169"]
[WhiteFideId "13404148"]
[BlackFideId "1801236"]
[WhiteTitle "FM"]
[BlackTitle "FM"]
[WhiteElo "2596"]
[BlackElo "2416"]
[WhiteTeam "AZE"]
[BlackTeam "WLS"]
[WhiteClock "0:00:10"]
[BlackClock "0:00:38"]
[Variant "Standard"]

1. d4 {[%clk 0:03:00]}  d5 {[%clk 0:02:56]} 2. c4 {[%clk 0:03:00]}  c6 {[%clk 0:02:56]} 3. cxd5 {[%clk 0:03:01]}  cxd5 {[%clk 0:02:56]} 4. Nf3 {[%clk 0:03:02]}  Nf6 {[%clk 0:02:56]} 5. Nc3 {[%clk 0:03:03]}  Nc6 {[%clk 0:02:57]} 6. Bg5 {[%clk 0:03:04]}  Ne4 {[%clk 0:02:54]} 7. Bf4 {[%clk 0:03:04]}  Bf5 {[%clk 0:02:52]} 8. Qb3 {[%clk 0:03:04]}  Nxc3 {[%clk 0:02:48]} 9. bxc3 {[%clk 0:03:03]}  Na5 {[%clk 0:02:44]} 10. Qb5+ {[%clk 0:03:04]}  Bd7 {[%clk 0:02:29]} 11. Qxd5 {[%clk 0:03:04]}  e6 {[%clk 0:02:30]} 12. Qe4 {[%clk 0:02:59]}  Rc8 {[%clk 0:02:25]} 13. Qd3 {[%clk 0:02:30]}  Qb6 {[%clk 0:02:22]} 14. Rb1 {[%clk 0:02:25]}  Rxc3 {[%clk 0:02:11]} 15. Rxb6 {[%clk 0:01:53]}  Rxd3 {[%clk 0:02:11]} 16. Rxb7 {[%clk 0:00:55]}  Nxb7 {[%clk 0:02:12]} 17. exd3 {[%clk 0:00:56]}  Bb4+ {[%clk 0:02:11]} 18. Bd2 {[%clk 0:00:55]}  a5 {[%clk 0:02:01]} 19. Be2 {[%clk 0:00:54]}  Ke7 {[%clk 0:01:59]} 20. Ne5 {[%clk 0:00:42]}  Rc8 {[%clk 0:01:53]} 21. Nc4 {[%clk 0:00:41]}  Nd6 {[%clk 0:01:32]} 22. Bxb4 {[%clk 0:00:27]}  axb4 {[%clk 0:01:31]} 23. Kd2 {[%clk 0:00:28]}  Ra8 {[%clk 0:01:24]} 24. Rb1 {[%clk 0:00:28]}  Rxa2+ {[%clk 0:01:23]} 25. Ke3 {[%clk 0:00:27]}  Nf5+ {[%clk 0:01:21]} 26. Kf3 {[%clk 0:00:06]}  Nxd4+ {[%clk 0:01:21]} 27. Ke4 {[%clk 0:00:07]}  Nxe2 {[%clk 0:01:17]} 28. Rxb4 {[%clk 0:00:07]}  Nc3+ {[%clk 0:01:16]} 29. Kf3 {[%clk 0:00:08]}  Bc6+ {[%clk 0:01:15]} 30. Kg3 {[%clk 0:00:08]}  Ne2+ {[%clk 0:01:14]} 31. Kh3 {[%clk 0:00:07]}  Nf4+ {[%clk 0:01:12]} 32. Kg3 {[%clk 0:00:08]}  Nxg2 {[%clk 0:01:09]} 33. Rb6 {[%clk 0:00:08]}  Bd5 {[%clk 0:01:08]} 34. Ne5 {[%clk 0:00:07]}  Ne1 {[%clk 0:01:04]} 35. d4 {[%clk 0:00:06]}  Ra3+ {[%clk 0:00:58]} 36. Kf4 {[%clk 0:00:05]}  Nd3+ {[%clk 0:00:57]} 37. Nxd3 {[%clk 0:00:05]}  Rxd3 {[%clk 0:00:58]} 38. h4 {[%clk 0:00:05]}  Rxd4+ {[%clk 0:00:58]} 39. Kg3 {[%clk 0:00:05]}  h5 {[%clk 0:00:57]} 40. Ra6 {[%clk 0:00:06]}  Rg4+ {[%clk 0:00:57]} 41. Kh3 {[%clk 0:00:06]}  Kf6 {[%clk 0:00:54]} 42. Ra7 {[%clk 0:00:05]}  Bg2+ {[%clk 0:00:53]} 43. Kh2 {[%clk 0:00:05]}  Bf1 {[%clk 0:00:53]} 44. Ra3 {[%clk 0:00:03]}  Rxh4+ {[%clk 0:00:53]} 45. Kg3 {[%clk 0:00:03]}  Rg4+ {[%clk 0:00:53]} 46. Kf3 {[%clk 0:00:03]}  Bc4 {[%clk 0:00:51]} 47. Ra5 {[%clk 0:00:03]}  Bd5+ {[%clk 0:00:51]} 48. Ke3 {[%clk 0:00:04]}  h4 {[%clk 0:00:51]} 49. f3 {[%clk 0:00:04]}  Rg3 {[%clk 0:00:51]} 50. Ke2 {[%clk 0:00:04]}  Bxf3+ {[%clk 0:00:50]} 51. Kf2 {[%clk 0:00:04]}  Bd5 {[%clk 0:00:51]} 52. Ra7 {[%clk 0:00:03]}  Rg2+ {[%clk 0:00:50]} 53. Kf1 {[%clk 0:00:03]}  h3 {[%clk 0:00:51]} 54. Ra3 {[%clk 0:00:04]}  h2 {[%clk 0:00:49]} 55. Rh3 {[%clk 0:00:04]}  Rg1+ {[%clk 0:00:49]} 56. Kf2 {[%clk 0:00:05]}  h1=Q {[%clk 0:00:50]} 57. Rxh1 {[%clk 0:00:06]}  Rxh1 {[%clk 0:00:50]} 58. Kg3 {[%clk 0:00:06]}  g5 {[%clk 0:00:46]} 59. Kg4 {[%clk 0:00:07]}  Kg6 {[%clk 0:00:44]} 60. Kg3 {[%clk 0:00:07]}  f5 {[%clk 0:00:43]} 61. Kf2 {[%clk 0:00:08]}  Ra1 {[%clk 0:00:41]} 62. Kg3 {[%clk 0:00:08]}  Ra3+ {[%clk 0:00:40]} 63. Kh2 {[%clk 0:00:09]}  g4 {[%clk 0:00:39]} 64. Kg1 {[%clk 0:00:09]}  Ra2 {[%clk 0:00:38]} 65. Kf1 {[%clk 0:00:09]}  f4 {[%clk 0:00:38]} 66. Ke1 {[%clk 0:00:09]}  g3 {[%clk 0:00:38]} 67. Kd1 {[%clk 0:00:10]}  g2 {[%clk 0:00:38]} 68. Kc1 {[%clk 0:00:10]}  g1=Q# {[%clk 0:00:38]} 0-1

[Event "April 9 Early 2024"]
[Site "Chess.com"]
[Date "2024.04.09"]
[Round "3"]
[White "Shuvalov, Evgenij"]
[Black "Shishkov, Andrei"]
[Result "1-0"]
[Board "170"]
[WhiteFideId "4187237"]
[BlackFideId "4500563"]
[BlackTitle "IM"]
[WhiteElo "2591"]
[BlackElo "2403"]
[WhiteTeam "FID"]
[BlackTeam "EST"]
[WhiteClock "0:00:13"]
[BlackClock "0:00:00"]
[Variant "Standard"]

1. d4 {[%clk 0:03:00]}  Nf6 {[%clk 0:02:59]} 2. c4 {[%clk 0:02:58]}  e6 {[%clk 0:02:59]} 3. Nf3 {[%clk 0:02:58]}  d5 {[%clk 0:02:58]} 4. Nc3 {[%clk 0:02:58]}  c5 {[%clk 0:02:58]} 5. e3 {[%clk 0:02:55]}  Nc6 {[%clk 0:02:56]} 6. a3 {[%clk 0:02:54]}  a6 {[%clk 0:02:56]} 7. dxc5 {[%clk 0:02:52]}  Bxc5 {[%clk 0:02:57]} 8. b4 {[%clk 0:02:52]}  Ba7 {[%clk 0:02:55]} 9. Ra2 {[%clk 0:02:51]}  dxc4 {[%clk 0:01:59]} 10. Qxd8+ {[%clk 0:02:38]}  Kxd8 {[%clk 0:02:00]} 11. Bxc4 {[%clk 0:02:36]}  b5 {[%clk 0:01:58]} 12. Rd2+ {[%clk 0:02:29]}  Ke7 {[%clk 0:01:58]} 13. Bb3 {[%clk 0:02:27]}  Bb7 {[%clk 0:01:56]} 14. Bb2 {[%clk 0:02:26]}  Rhd8 {[%clk 0:01:54]} 15. Ke2 {[%clk 0:02:23]}  Rxd2+ {[%clk 0:01:53]} 16. Nxd2 {[%clk 0:02:24]}  Rc8 {[%clk 0:01:47]} 17. Rc1 {[%clk 0:02:21]}  Nb8 {[%clk 0:01:27]} 18. f3 {[%clk 0:02:13]}  Nbd7 {[%clk 0:01:27]} 19. e4 {[%clk 0:02:01]}  Ne5 {[%clk 0:00:59]} 20. Nd1 {[%clk 0:01:21]}  Rxc1 {[%clk 0:00:56]} 21. Bxc1 {[%clk 0:01:22]}  g5 {[%clk 0:00:50]} 22. Bb2 {[%clk 0:01:18]}  Ng6 {[%clk 0:00:50]} 23. g3 {[%clk 0:01:16]}  h5 {[%clk 0:00:49]} 24. Nf2 {[%clk 0:01:05]}  g4 {[%clk 0:00:33]} 25. f4 {[%clk 0:00:56]}  Bxf2 {[%clk 0:00:31]} 26. Bxf6+ {[%clk 0:00:56]}  Kxf6 {[%clk 0:00:32]} 27. Kxf2 {[%clk 0:00:56]}  e5 {[%clk 0:00:27]} 28. Ke3 {[%clk 0:00:37]}  h4 {[%clk 0:00:26]} 29. Nf1 {[%clk 0:00:29]}  hxg3 {[%clk 0:00:22]} 30. hxg3 {[%clk 0:00:30]}  Bc6 {[%clk 0:00:17]} 31. Bd1 {[%clk 0:00:29]}  exf4+ {[%clk 0:00:14]} 32. gxf4 {[%clk 0:00:28]}  Nh4 {[%clk 0:00:14]} 33. Bxg4 {[%clk 0:00:24]}  Bb7 {[%clk 0:00:13]} 34. e5+ {[%clk 0:00:22]}  Ke7 {[%clk 0:00:11]} 35. Bh3 {[%clk 0:00:19]}  f6 {[%clk 0:00:11]} 36. Ng3 {[%clk 0:00:18]}  fxe5 {[%clk 0:00:10]} 37. fxe5 {[%clk 0:00:19]}  Ng6 {[%clk 0:00:09]} 38. Kd4 {[%clk 0:00:19]}  Nf4 {[%clk 0:00:09]} 39. Bf5 {[%clk 0:00:19]}  Kd8 {[%clk 0:00:06]} 40. Kc5 {[%clk 0:00:17]}  Kc7 {[%clk 0:00:07]} 41. Be4 {[%clk 0:00:16]}  Bc8 {[%clk 0:00:06]} 42. Kd4 {[%clk 0:00:13]}  Ne6+ {[%clk 0:00:05]} 43. Ke3 {[%clk 0:00:13]}  Kb6 {[%clk 0:00:04]} 44. Bf5 {[%clk 0:00:12]}  a5 {[%clk 0:00:04]} 45. Bxe6 {[%clk 0:00:12]}  Bxe6 {[%clk 0:00:04]} 46. Kd4 {[%clk 0:00:12]}  axb4 {[%clk 0:00:03]} 47. axb4 {[%clk 0:00:13]}  Kc6 {[%clk 0:00:04]} 48. Ne4 {[%clk 0:00:13]}  Ba2 {[%clk 0:00:03]} 49. Nc3 {[%clk 0:00:13]}  Bc4 {[%clk 0:00:03]} 50. Ke3 {[%clk 0:00:13]}  Kd7 {[%clk 0:00:03]} 51. Kf4 {[%clk 0:00:14]}  Ke6 {[%clk 0:00:03]} 52. Ke4 {[%clk 0:00:14]}  Bf1 {[%clk 0:00:02]} 53. Kd4 {[%clk 0:00:14]}  Bc4 {[%clk 0:00:01]} 54. Ne4 {[%clk 0:00:14]}  Bf1 {[%clk 0:00:00]} 55. Ng3 {[%clk 0:00:13]} 1-0

[Event "April 9 Early 2024"]
[Site "Chess.com"]
[Date "2024.04.09"]
[Round "3"]
[White "Klara Varga"]
[Black "Bykov, Egor"]
[Result "0-1"]
[Board "171"]
[WhiteFideId "733210"]
[BlackFideId "34115290"]
[WhiteTitle "WIM"]
[BlackTitle "FM"]
[WhiteElo "2394"]
[BlackElo "2590"]
[WhiteTeam "HUN"]
[BlackTeam "RUS"]
[WhiteClock "0:00:13"]
[BlackClock "0:00:05"]
[Variant "Standard"]

1. Nf3 {[%clk 0:02:51]}  Nf6 {[%clk 0:02:59]} 2. g3 {[%clk 0:02:50]}  g6 {[%clk 0:02:58]} 3. Bg2 {[%clk 0:02:47]}  Bg7 {[%clk 0:02:58]} 4. O-O {[%clk 0:02:46]}  O-O {[%clk 0:02:59]} 5. c4 {[%clk 0:02:47]}  d6 {[%clk 0:02:58]} 6. Nc3 {[%clk 0:02:46]}  Nc6 {[%clk 0:02:57]} 7. d3 {[%clk 0:02:45]}  e5 {[%clk 0:02:53]} 8. Rb1 {[%clk 0:02:44]}  a5 {[%clk 0:02:52]} 9. a3 {[%clk 0:02:43]}  Bg4 {[%clk 0:02:31]} 10. h3 {[%clk 0:02:42]}  Bxf3 {[%clk 0:02:03]} 11. Bxf3 {[%clk 0:02:40]}  Qd7 {[%clk 0:01:52]} 12. Kh2 {[%clk 0:02:26]}  Ra7 {[%clk 0:01:38]} 13. e3 {[%clk 0:02:06]}  Re8 {[%clk 0:01:21]} 14. Bg2 {[%clk 0:01:33]}  Nd8 {[%clk 0:01:12]} 15. Bd2 {[%clk 0:01:14]}  a4 {[%clk 0:01:07]} 16. Nb5 {[%clk 0:01:10]}  Ra6 {[%clk 0:01:05]} 17. Qc2 {[%clk 0:01:08]}  b6 {[%clk 0:00:47]} 18. Nc3 {[%clk 0:01:05]}  Ne6 {[%clk 0:00:46]} 19. Nd5 {[%clk 0:01:04]}  Nxd5 {[%clk 0:00:41]} 20. cxd5 {[%clk 0:01:05]}  Nc5 {[%clk 0:00:39]} 21. Bb4 {[%clk 0:00:59]}  Rb8 {[%clk 0:00:24]} 22. Rfc1 {[%clk 0:00:54]}  Ra7 {[%clk 0:00:22]} 23. Qc4 {[%clk 0:00:49]}  Nb3 {[%clk 0:00:20]} 24. Rc2 {[%clk 0:00:47]}  Qd8 {[%clk 0:00:16]} 25. Qg4 {[%clk 0:00:46]}  h5 {[%clk 0:00:15]} 26. Qf3 {[%clk 0:00:45]}  f5 {[%clk 0:00:14]} 27. e4 {[%clk 0:00:44]}  Nd4 {[%clk 0:00:14]} 28. Qd1 {[%clk 0:00:43]}  Nxc2 {[%clk 0:00:15]} 29. Qxc2 {[%clk 0:00:44]}  f4 {[%clk 0:00:15]} 30. gxf4 {[%clk 0:00:40]}  exf4 {[%clk 0:00:15]} 31. Rg1 {[%clk 0:00:38]}  Be5 {[%clk 0:00:16]} 32. Bf3 {[%clk 0:00:38]}  Kh7 {[%clk 0:00:15]} 33. Bc3 {[%clk 0:00:35]}  Qf6 {[%clk 0:00:14]} 34. d4 {[%clk 0:00:33]}  Bxd4 {[%clk 0:00:12]} 35. e5 {[%clk 0:00:33]}  Bxe5 {[%clk 0:00:08]} 36. Bxe5 {[%clk 0:00:32]}  dxe5 {[%clk 0:00:09]} 37. Qe4 {[%clk 0:00:32]}  Rg8 {[%clk 0:00:08]} 38. Bxh5 {[%clk 0:00:31]}  Ra5 {[%clk 0:00:08]} 39. Bf3 {[%clk 0:00:31]}  Qf5 {[%clk 0:00:07]} 40. Qc4 {[%clk 0:00:29]}  Rc5 {[%clk 0:00:07]} 41. Qe2 {[%clk 0:00:29]}  Rc2 {[%clk 0:00:07]} 42. Qf1 {[%clk 0:00:27]}  e4 {[%clk 0:00:06]} 43. Bg4 {[%clk 0:00:26]}  Qe5 {[%clk 0:00:06]} 44. Kh1 {[%clk 0:00:25]}  Kg7 {[%clk 0:00:06]} 45. Bd1 {[%clk 0:00:24]}  Rxb2 {[%clk 0:00:06]} 46. Qg2 {[%clk 0:00:23]}  Qf5 {[%clk 0:00:06]} 47. Bg4 {[%clk 0:00:22]}  Qxd5 {[%clk 0:00:03]} 48. Bd1 {[%clk 0:00:17]}  Qf5 {[%clk 0:00:03]} 49. Bxa4 {[%clk 0:00:17]}  Rh8 {[%clk 0:00:03]} 50. Kh2 {[%clk 0:00:17]}  f3 {[%clk 0:00:03]} 51. Qg3 {[%clk 0:00:17]}  Ra2 {[%clk 0:00:03]} 52. Qxc7+ {[%clk 0:00:16]}  Kh6 {[%clk 0:00:02]} 53. Qg3 {[%clk 0:00:17]}  Kg7 {[%clk 0:00:02]} 54. Bb3 {[%clk 0:00:17]}  Rxa3 {[%clk 0:00:02]} 55. Bc2 {[%clk 0:00:17]}  Rc3 {[%clk 0:00:02]} 56. Qd6 {[%clk 0:00:16]}  Rxc2 {[%clk 0:00:02]} 57. Qe7+ {[%clk 0:00:15]}  Qf7 {[%clk 0:00:01]} 58. Qe5+ {[%clk 0:00:15]}  Kg8 {[%clk 0:00:02]} 59. Qb8+ {[%clk 0:00:15]}  Kh7 {[%clk 0:00:02]} 60. Qg3 {[%clk 0:00:14]}  Qc7 {[%clk 0:00:03]} 61. h4 {[%clk 0:00:13]}  Qxg3+ {[%clk 0:00:03]} 62. Kxg3 {[%clk 0:00:13]}  Rd8 {[%clk 0:00:03]} 63. h5 {[%clk 0:00:14]}  Kh6 {[%clk 0:00:03]} 64. hxg6 {[%clk 0:00:14]}  Kxg6 {[%clk 0:00:04]} 65. Kf4+ {[%clk 0:00:15]}  Kf6 {[%clk 0:00:05]} 66. Ke3 {[%clk 0:00:15]}  Rd3+ {[%clk 0:00:04]} 67. Kxe4 {[%clk 0:00:15]}  Rb3 {[%clk 0:00:05]} 68. Rd1 {[%clk 0:00:14]}  Re2+ {[%clk 0:00:04]} 69. Kd5 {[%clk 0:00:14]}  Rxf2 {[%clk 0:00:05]} 70. Kc6 {[%clk 0:00:13]}  Re2 {[%clk 0:00:05]} 0-1

[Event "April 9 Early 2024"]
[Site "Chess.com"]
[Date "2024.04.09"]
[Round "3"]
[White "Teterev, Vitaly"]
[Black "Halynyazow, Vepaly"]
[Result "1-0"]
[Board "173"]
[WhiteFideId "13501429"]
[BlackFideId "14004020"]
[WhiteTitle "GM"]
[WhiteElo "2589"]
[BlackElo "2379"]
[WhiteTeam "BLR"]
[BlackTeam "TKM"]
[WhiteClock "0:00:33"]
[BlackClock "0:00:05"]
[Variant "Standard"]

1. e4 {[%clk 0:03:00]}  c5 {[%clk 0:02:52]} 2. Nf3 {[%clk 0:03:00]}  d6 {[%clk 0:02:51]} 3. Bb5+ {[%clk 0:02:59]}  Bd7 {[%clk 0:02:51]} 4. Bxd7+ {[%clk 0:02:59]}  Qxd7 {[%clk 0:02:50]} 5. O-O {[%clk 0:03:00]}  Nc6 {[%clk 0:02:48]} 6. c3 {[%clk 0:03:00]}  e5 {[%clk 0:02:47]} 7. d4 {[%clk 0:02:59]}  cxd4 {[%clk 0:02:48]} 8. cxd4 {[%clk 0:03:00]}  Nf6 {[%clk 0:02:43]} 9. Nc3 {[%clk 0:02:58]}  Be7 {[%clk 0:02:39]} 10. Bg5 {[%clk 0:02:57]}  O-O-O {[%clk 0:02:33]} 11. d5 {[%clk 0:02:47]}  Na5 {[%clk 0:02:10]} 12. Be3 {[%clk 0:02:34]}  Kb8 {[%clk 0:02:06]} 13. Qd3 {[%clk 0:02:21]}  Rc8 {[%clk 0:02:02]} 14. Nd2 {[%clk 0:02:21]}  Ng4 {[%clk 0:01:57]} 15. b4 {[%clk 0:02:19]}  f5 {[%clk 0:01:21]} 16. exf5 {[%clk 0:02:10]}  Nxe3 {[%clk 0:00:31]} 17. fxe3 {[%clk 0:02:09]}  Nc4 {[%clk 0:00:30]} 18. Nxc4 {[%clk 0:02:05]}  Qc7 {[%clk 0:00:29]} 19. Nxe5 {[%clk 0:01:44]}  Qxc3 {[%clk 0:00:25]} 20. Qxc3 {[%clk 0:01:38]}  Rxc3 {[%clk 0:00:23]} 21. Nf3 {[%clk 0:01:27]}  Rxe3 {[%clk 0:00:21]} 22. Rfe1 {[%clk 0:01:26]}  Rxe1+ {[%clk 0:00:20]} 23. Rxe1 {[%clk 0:01:23]}  Bf6 {[%clk 0:00:20]} 24. Re6 {[%clk 0:01:22]}  Kc7 {[%clk 0:00:20]} 25. g4 {[%clk 0:01:19]}  h6 {[%clk 0:00:20]} 26. Kf2 {[%clk 0:01:10]}  Kd7 {[%clk 0:00:19]} 27. h4 {[%clk 0:01:02]}  Rc8 {[%clk 0:00:19]} 28. g5 {[%clk 0:01:02]}  hxg5 {[%clk 0:00:19]} 29. hxg5 {[%clk 0:01:03]}  Bd8 {[%clk 0:00:18]} 30. Kg3 {[%clk 0:00:47]}  Rc2 {[%clk 0:00:17]} 31. f6 {[%clk 0:00:46]}  gxf6 {[%clk 0:00:16]} 32. g6 {[%clk 0:00:42]}  Rc8 {[%clk 0:00:14]} 33. Nd4 {[%clk 0:00:39]}  Be7 {[%clk 0:00:12]} 34. Nf5 {[%clk 0:00:39]}  Bf8 {[%clk 0:00:09]} 35. Rxf6 {[%clk 0:00:33]}  Ke8 {[%clk 0:00:05]} 1-0

[Event "April 9 Early 2024"]
[Site "Chess.com"]
[Date "2024.04.09"]
[Round "3"]
[White "Ismagilov, Damir"]
[Black "Cogan, Nicolas"]
[Result "1-0"]
[Board "175"]
[WhiteFideId "34199982"]
[BlackFideId "679356"]
[WhiteTitle "CM"]
[WhiteElo "2583"]
[BlackElo "2356"]
[WhiteTeam "RUS"]
[BlackTeam "CIV"]
[WhiteClock "0:00:36"]
[BlackClock "0:00:02"]
[Variant "Standard"]

1. d4 {[%clk 0:03:00]}  Nf6 {[%clk 0:02:56]} 2. c4 {[%clk 0:03:01]}  e6 {[%clk 0:02:56]} 3. Nf3 {[%clk 0:02:57]}  Bb4+ {[%clk 0:02:56]} 4. Nbd2 {[%clk 0:02:56]}  c5 {[%clk 0:02:53]} 5. a3 {[%clk 0:02:55]}  Bxd2+ {[%clk 0:02:44]} 6. Bxd2 {[%clk 0:02:55]}  cxd4 {[%clk 0:02:42]} 7. Nxd4 {[%clk 0:02:56]}  d5 {[%clk 0:02:43]} 8. cxd5 {[%clk 0:02:48]}  Nxd5 {[%clk 0:02:43]} 9. e3 {[%clk 0:02:15]}  O-O {[%clk 0:02:39]} 10. Bc4 {[%clk 0:02:14]}  b6 {[%clk 0:02:15]} 11. O-O {[%clk 0:02:00]}  Bb7 {[%clk 0:02:12]} 12. f3 {[%clk 0:02:00]}  Nc6 {[%clk 0:02:08]} 13. Nxc6 {[%clk 0:01:59]}  Bxc6 {[%clk 0:02:09]} 14. e4 {[%clk 0:02:00]}  Ne7 {[%clk 0:01:49]} 15. Bb4 {[%clk 0:01:57]}  Re8 {[%clk 0:01:29]} 16. Rc1 {[%clk 0:01:58]}  Qc7 {[%clk 0:01:06]} 17. Ba6 {[%clk 0:01:50]}  b5 {[%clk 0:00:32]} 18. Qd4 {[%clk 0:01:38]}  Rad8 {[%clk 0:00:11]} 19. Qf2 {[%clk 0:01:25]}  Qd7 {[%clk 0:00:05]} 20. Qc2 {[%clk 0:01:01]}  Ba8 {[%clk 0:00:05]} 21. Rfd1 {[%clk 0:00:49]}  Qc6 {[%clk 0:00:03]} 22. Rxd8 {[%clk 0:00:43]}  Rxd8 {[%clk 0:00:03]} 23. Bxe7 {[%clk 0:00:40]}  Qxc2 {[%clk 0:00:02]} 24. Rxc2 {[%clk 0:00:39]}  Re8 {[%clk 0:00:02]} 25. Rc7 {[%clk 0:00:36]}  h6 {[%clk 0:00:02]} 1-0

[Event "April 9 Early 2024"]
[Site "Chess.com"]
[Date "2024.04.09"]
[Round "3"]
[White "Carbone, Diego"]
[Black "Filippova, Margarita"]
[Result "1-0"]
[Board "178"]
[WhiteFideId "3002179"]
[BlackFideId "34199680"]
[WhiteTitle "FM"]
[BlackTitle "WFM"]
[WhiteElo "2576"]
[BlackElo "2330"]
[WhiteTeam "URU"]
[BlackTeam "RUS"]
[WhiteClock "0:01:14"]
[BlackClock "0:01:47"]
[Variant "Standard"]

1. d4 {[%clk 0:03:00]}  d5 {[%clk 0:02:58]} 2. c4 {[%clk 0:03:01]}  e6 {[%clk 0:02:58]} 3. Nf3 {[%clk 0:03:01]}  Nf6 {[%clk 0:02:58]} 4. g3 {[%clk 0:03:02]}  Be7 {[%clk 0:02:58]} 5. Bg2 {[%clk 0:03:02]}  O-O {[%clk 0:02:59]} 6. Nc3 {[%clk 0:03:02]}  Nbd7 {[%clk 0:02:52]} 7. O-O {[%clk 0:02:57]}  dxc4 {[%clk 0:02:50]} 8. Nd2 {[%clk 0:02:55]}  Nb6 {[%clk 0:02:46]} 9. e3 {[%clk 0:02:53]}  c5 {[%clk 0:02:46]} 10. dxc5 {[%clk 0:02:36]}  Bxc5 {[%clk 0:02:45]} 11. a4 {[%clk 0:02:37]}  Nfd5 {[%clk 0:02:33]} 12. a5 {[%clk 0:02:30]}  Nxc3 {[%clk 0:02:33]} 13. bxc3 {[%clk 0:02:31]}  Nd5 {[%clk 0:02:34]} 14. Qc2 {[%clk 0:02:11]}  Bxe3 {[%clk 0:02:20]} 15. fxe3 {[%clk 0:01:58]}  Nxe3 {[%clk 0:02:21]} 16. Qe4 {[%clk 0:01:47]}  Nxf1 {[%clk 0:02:21]} 17. Nxf1 {[%clk 0:01:47]}  Qd3 {[%clk 0:02:20]} 18. Qxd3 {[%clk 0:01:31]}  cxd3 {[%clk 0:02:21]} 19. a6 {[%clk 0:01:32]}  Bd7 {[%clk 0:01:51]} 20. axb7 {[%clk 0:01:26]}  Rae8 {[%clk 0:01:51]} 21. Ba3 {[%clk 0:01:23]}  e5 {[%clk 0:01:48]} 22. Bxf8 {[%clk 0:01:23]}  Kxf8 {[%clk 0:01:49]} 23. Rxa7 {[%clk 0:01:15]}  f5 {[%clk 0:01:49]} 24. Ra8 {[%clk 0:01:14]}  e4 {[%clk 0:01:48]} 25. Rxe8+ {[%clk 0:01:13]}  Kxe8 {[%clk 0:01:47]} 26. b8=Q+ {[%clk 0:01:14]} 1-0

[Event "April 9 Early 2024"]
[Site "Chess.com"]
[Date "2024.04.09"]
[Round "3"]
[White "Ruge, Edison"]
[Black "Iljin, Timofey"]
[Result "0-1"]
[Board "182"]
[WhiteFideId "4401000"]
[BlackFideId "14110180"]
[WhiteTitle "FM"]
[BlackTitle "IM"]
[WhiteElo "2321"]
[BlackElo "2572"]
[WhiteTeam "COL"]
[BlackTeam "UKR"]
[WhiteClock "0:00:00"]
[BlackClock "0:00:39"]
[Variant "Standard"]

1. e4 {[%clk 0:02:59]}  e6 {[%clk 0:02:58]} 2. d3 {[%clk 0:02:58]}  Nf6 {[%clk 0:02:54]} 3. Nd2 {[%clk 0:02:58]}  d6 {[%clk 0:02:48]} 4. Ngf3 {[%clk 0:02:58]}  g6 {[%clk 0:02:48]} 5. g3 {[%clk 0:02:59]}  Bg7 {[%clk 0:02:49]} 6. Bg2 {[%clk 0:02:59]}  O-O {[%clk 0:02:50]} 7. O-O {[%clk 0:02:58]}  e5 {[%clk 0:02:50]} 8. Re1 {[%clk 0:02:58]}  Nbd7 {[%clk 0:02:47]} 9. h3 {[%clk 0:02:58]}  h6 {[%clk 0:02:46]} 10. c3 {[%clk 0:02:56]}  b6 {[%clk 0:02:42]} 11. Nf1 {[%clk 0:02:56]}  a5 {[%clk 0:02:40]} 12. Qc2 {[%clk 0:02:54]}  Bb7 {[%clk 0:02:39]} 13. Ne3 {[%clk 0:02:54]}  Nc5 {[%clk 0:02:34]} 14. b3 {[%clk 0:02:45]}  Re8 {[%clk 0:02:33]} 15. Bb2 {[%clk 0:02:44]}  d5 {[%clk 0:02:32]} 16. Nxe5 {[%clk 0:02:02]}  dxe4 {[%clk 0:02:25]} 17. d4 {[%clk 0:02:02]}  Ncd7 {[%clk 0:02:18]} 18. Nxd7 {[%clk 0:01:59]}  Qxd7 {[%clk 0:02:19]} 19. Nc4 {[%clk 0:01:55]}  h5 {[%clk 0:02:15]} 20. Ne5 {[%clk 0:01:55]}  Qf5 {[%clk 0:02:16]} 21. Rad1 {[%clk 0:01:27]}  c5 {[%clk 0:02:06]} 22. Nc4 {[%clk 0:01:21]}  Rad8 {[%clk 0:01:58]} 23. Nxb6 {[%clk 0:01:17]}  cxd4 {[%clk 0:01:58]} 24. cxd4 {[%clk 0:01:10]}  Nh7 {[%clk 0:01:42]} 25. Nc4 {[%clk 0:01:01]}  Ng5 {[%clk 0:01:40]} 26. Ne3 {[%clk 0:00:55]}  Qd7 {[%clk 0:01:02]} 27. h4 {[%clk 0:00:53]}  Nf3+ {[%clk 0:00:55]} 28. Bxf3 {[%clk 0:00:50]}  exf3 {[%clk 0:00:56]} 29. Kh2 {[%clk 0:00:48]}  Bc8 {[%clk 0:00:54]} 30. g4 {[%clk 0:00:13]}  hxg4 {[%clk 0:00:51]} 31. Kg1 {[%clk 0:00:12]}  Qe7 {[%clk 0:00:41]} 32. Nf1 {[%clk 0:00:11]}  Qxh4 {[%clk 0:00:40]} 33. Rxe8+ {[%clk 0:00:08]}  Rxe8 {[%clk 0:00:41]} 34. Re1 {[%clk 0:00:06]}  Rxe1 {[%clk 0:00:38]} 35. Qxc8+ {[%clk 0:00:00]}  Kh7 {[%clk 0:00:39]} 0-1